Revista de derecho penal 2014 - 2 : delitos contra la libertad I /

Guardado en:
Formato: Libro
Idioma:Spanish
Publicado: Santa Fe : Rubinzal Culzoni, 2014.
Edición:1a. ed.
Materias:
Etiquetas: Agregar Etiqueta
Sin Etiquetas, Sea el primero en etiquetar este registro!
LEADER 00517nam a22001575a 4500
001 DER.der015390
008 251103s2014####ag#||||||||||||||#||spa||
005 20251103085801.0
245 1 0 |a Revista de derecho penal 2014 - 2 :  |b delitos contra la libertad I /  |c dirigido por Edgardo Alberto Donna. 
250 |a 1a. ed. 
260 |a Santa Fe :  |b Rubinzal Culzoni,  |c 2014. 
300 |a 639 p. 
020 |a 9789873005473 
700 1 |a Donna, Edgardo Alberto,  |e dir. 
650 7 |a DERECHO PENAL 
859 |a DERECHO  |b BIB. DERECHO  |h 345  |i REV  |p 001793